LDR 00629naa#a2200193#i#450# 001 EN\\bibl\110579 005 20260415210448.3 011 ## _a2311-1402 100 ## _a20250925b2025####ek#y0engy0150####ca 101 0# _aRUS 102 ## _aRU 200 1# _aThe pilgrimage of Siberians to Palestine in the late XIX – beginning of XX centuries: a statistical analysis experience _eJournal article 210 1# _aNizhnevartovsk _cNizhnevartovsk State University _d2025 215 ## _a8 с. 608 ## _aJournal article _2local 675 ## _aИстория. 93/94 _zRUS 700 #1 _aTsys _gValery V. 700 #1 _aTsys _gOlga P. 856 4# _afilvestnik.nvsu.ru _u